000 00457nam a22001697a 4500
005 20221221153900.0
008 221221b |||||||| |||| 00| 0 eng d
020 _a0-19-872871-9
041 _aeng
082 _a547-BRU-O
100 _aCIAYDEN , JONATHAN ., GREEVES ,NICK AND WARREN STUART
_97446
245 _aORGANIC CHEMISTRY (SECOND EDITION )
250 _a2nd ed.
260 _bOXFORD UNIVERSITY PRESS
_c2021
300 _a1234;P.
942 _cBK
999 _c8190
_d8188